| 000 | 00339nam a2200133Ia 4500 | ||
|---|---|---|---|
| 008 | 150201s2011 xx 000 0 und d | ||
| 082 |
_a616.01 _bM11G |
||
| 100 | _aGUPTE, SATISH | ||
| 245 | _aSHORT TB. OF MEDICAL MICROBIOLOGY FOR NURSES | ||
| 260 |
_bJAYPEE _aDELHI _c2011 |
||
| 300 | _a296 | ||
| 650 | _aMICROBIOLOGY | ||
| 942 |
_2ddc _cBK _015 |
||
| 999 |
_c2440 _d2440 |
||